000 00373cam a2200145ua 4500
041 _aeng
_h
082 _a954
_bGHO/OU
100 _aGhosal, H R.
245 _aOutline history of the indian people /
_cH R Ghosal.
_hTextual Documents
260 _aIndia :
_bMinistry of I&B, Govt. of India ,
_c1963.
300 _a139 ; .
504 _a
942 _cBK
999 _c642
_d642